Marine bioprospecting for,sustainable blue bioeconomy (Record no. 3761)

MARC details
000 -LEADER
fixed length control field 00376nam a22001337a 4500
008 - FIXED-LENGTH DATA ELEMENTS--GENERAL INFORMATION
fixed length control field 250604b |||||||| |||| 00| 0 eng d
020 ## - INTERNATIONAL STANDARD BOOK NUMBER
ISBN 9783031689109
245 ## - TITLE STATEMENT
Title Marine bioprospecting for,sustainable blue bioeconomy
260 ## - PUBLICATION, DISTRIBUTION, ETC. (IMPRINT)
Place of publication switzerland
Name of publisher springer
Date of publication 2024
300 ## - COLLATION
Pagination 398p
650 ## - TRACINGS
Main Subject marine biodeversity
Subdivision (1st) fishing managment
942 ## - ADDED ENTRY ELEMENTS (KOHA)
Item type Books
050 ## - LIBRARY OF CONGRESS CALL NUMBER
Classification number QH 911
Item number .M 37
Holdings
Source of classification or shelving scheme Not for loan Permanent location Current location Date acquired Accession No. Full call number Barcode. Koha item type
Library of Congress Classification   Samuel Ogbemudia Main Library, University of Abuja Samuel Ogbemudia Main Library, University of Abuja 06/04/2025 2024/644968-69 QH 911 .M 37 2025-2340 Books
Library of Congress Classification   Samuel Ogbemudia Main Library, University of Abuja Samuel Ogbemudia Main Library, University of Abuja 06/04/2025 2024/644968-69 QH 911 .M 37 2025-2341 Books